| 000 | 00351nam a22001217a 4500 | ||
|---|---|---|---|
| 999 |
_c66719 _d66716 |
||
| 082 | _aR/4CE16 | ||
| 100 |
_aShahal Khan _a16CE52 |
||
| 245 | _aExperiment Study on Mechanical Properties of Rice Husk ASH Concrete With Different Water | ||
| 260 |
_aNawabshah _bQUEST _c2019 |
||
| 300 | _a25 | ||
| 700 | _aDepartment of Civil Engineering | ||
| 942 | _cTHESIS | ||